| 000 | 00501nam a2200181Ia 4500 | ||
|---|---|---|---|
| 005 | 20250326123834.0 | ||
| 008 | 250326s9999 xx 000 0 und d | ||
| 037 | _aTextbook | ||
| 040 |
_aFMSL _beng _cFMSL |
||
| 041 |
_aeng _2eng |
||
| 084 |
_aS4(X8) J6 _qFMSL |
||
| 100 |
_aBlum M L _9736230 |
||
| 245 | 0 |
_aIndustrial psycology and its social foundations _cBlum M L |
|
| 260 |
_aNY _bNY, Harper & Row _c1956 |
||
| 300 | _a609p | ||
| 942 |
_cTB _hS4(X8) J6 |
||
| 999 |
_c1271146 _d1271146 |
||